China in revolution: (Record no. 1679877)

MARC details
000 -LEADER
fixed length control field 00675 a2200229 4500
005 - DATE AND TIME OF LATEST TRANSACTION
control field 20260408144253.0
008 - FIXED-LENGTH DATA ELEMENTS--GENERAL INFORMATION
fixed length control field 260408b |||||||| |||| 00| 0 eng d
020 ## - INTERNATIONAL STANDARD BOOK NUMBER
International Standard Book Number 9781538162774
037 ## - SOURCE OF ACQUISITION
Terms of availability TB
040 ## - CATALOGING SOURCE
Original cataloging agency CRL
Transcribing agency CRL
041 ## - LANGUAGE CODE
Source of code eng
Language code of text/sound track or separate title eng
084 ## - COLON CLASSIFICATION NUMBER
Classification number V41.N5 R2
Assigning agency CRL
100 ## - MAIN ENTRY--PERSONAL NAME
Personal name ESherik, Joseph W.
9 (RLIN) 1116089
245 ## - TITLE STATEMENT
Title China in revolution:
Remainder of title History lessons
260 ## - PUBLICATION, DISTRIBUTION, ETC.
Place of publication, distribution, etc. Lanham, USA:
Name of publisher, distributor, etc. Rowman & Littlefield,
Date of publication, distribution, etc. 2022.
300 ## - PHYSICAL DESCRIPTION
Extent 423p.
365 ## - TRADE PRICE
Price amount 36.00
Currency code GBP
650 ## - SUBJECT ADDED ENTRY--TOPICAL TERM
Topical term or geographic name entry element China-History
9 (RLIN) 815082
650 ## - SUBJECT ADDED ENTRY--TOPICAL TERM
Topical term or geographic name entry element History
942 ## - ADDED ENTRY ELEMENTS (KOHA)
Koha item type Textbook
Source of classification or shelving scheme Colon Classification (CC)
Classification part V41.N5 R2
Holdings
Withdrawn status Lost status Source of classification or shelving scheme Damaged status Not for loan Home library Current library Date acquired Source of acquisition Cost, normal purchase price Inventory number Total Checkouts Full call number Barcode Date last seen Cost, replacement price Price effective from Koha item type
    Colon Classification (CC)     Central Library Central Library 2026-04-08 Elite Publishers Distributors 3118.50 15222 & 16/02/2026   V41.N5 R2 CL1926431 2026-02-18 4455.00 2026-02-18 Textbook
Copyright @ Delhi University Library System